000 00346nam a2200145Ia 4500
008 230917s9999||||xx |||||||||||||| ||und||
040 _e150914
_aMAIN
041 _aEnglish
082 _aB J559S
100 _aJohar, K L
245 0 _aSwatantrata sangram ke amar shaheed
260 _aNoida
_bSneh Prakashan
300 _a254 p.
942 _cBK
999 _c100950
_d100950